| 000 | 00000nam 2200000zi 4500 |
| 001 | 9.929397 |
| 003 | CaOODSP |
| 005 | 20240710082141 |
| 006 | m o d f |
| 007 | cr ||||||||||| |
| 008 | 231024s2022 onca o f000 0 fre d |
| 040 | |aCaOODSP|bfre|erda|cCaOODSP |
| 043 | |an-cn--- |
| 086 | 1 |aMR2-26/2022F-PDF |
| 245 | 00|aPlan stratégique 2022-2026 : |bun meilleur départ dans la vie, une enfance heureuse, une jeunesse inspirée : des recherches qui changent la donne. |
| 246 | 36|aMeilleur départ dans la vie, une enfance heureuse, une jeunesse inspirée : |bdes recherches qui changent la donne |
| 246 | 37|aIDSEA plan stratégique 2022-2026 |
| 264 | 1|a[Ottawa] : |bInstituts de recherche en santé du Canada = Canadian Institutes of Health Research, |c[2022] |
| 300 | |a1 ressource en ligne (11 pages) : |billustrations |
| 336 | |atexte|btxt|2rdacontent/fre |
| 337 | |ainformatique|bc|2rdamedia/fre |
| 338 | |aressource en ligne|bcr|2rdacarrier/fre |
| 500 | |aPublié aussi en anglais sous le titre : 2022-2026 strategic plan: better beginnings, vibrant childhoods, empowered youth: research that makes a difference. |
| 610 | 26|aInstituts de recherche en santé du Canada|xPlanification. |
| 710 | 2 |aInstituts de recherche en santé du Canada, |eorganisme de publication. |
| 710 | 2 |aInstitut du deĢveloppement et de la santeĢ des enfants et des adolescents (Canada), |eorganisme de publication. |
| 775 | 08|t2022-2026 strategic plan : |w(CaOODSP)9.929396 |
| 856 | 40|qPDF|s14.00 Mo|uhttps://publications.gc.ca/collections/collection_2023/irsc-cihr/MR2-26-2022-fra.pdf |
| 856 | 41|qHTML|sS.O.|uhttps://cihr-irsc.gc.ca/f/26711.html |